000 00251nam a22001217a 4500
008 170802b xxu||||| |||| 00| 0 eng d
041 _aeng
080 _a004
100 _a32
101 _aSHKI
245 _aMICROSOFT C
_cMICROSOFT
942 _2udc
_cBK
999 _c22553
_d22553